Country report Non-discrimination: Portugal 2020 /

Detalles Bibliográficos
Autor principal: Lopes, Dulce
Otros Autores: Vicente, Joana
Formato: eBook
Lenguaje:inglés
Publicado: Bruselas: European Union Publications Office, 2020
Materias:
Acceso en línea:Acceso restringido

MARC

LEADER 00000nam a22000007a 4500
005 2021090500590.0
007 cr|||| ||||
008 210905s2020 eu |||||s|||| 00||0 eng d
020 |a 978-92-76-19801-7 
035 |a 34536 
040 |a vLex 
090 |c 12251  |d 12251 
100 1 |a Lopes, Dulce 
245 1 0 |a Country report  |h [Recurso electrn̤ico] :  |b Non-discrimination: Portugal 2020 /  |c Dulce Lopes, Joana Vicente 
256 |a Servicio en ln̕ea 
260 |a Bruselas:  |b European Union Publications Office,  |c 2020 
300 |a 1 recurso electrn̤ico 
506 1 |a Disponible solo en los productos indicados  |d vLex Global  |d vLex Global (Academic Edition, excluding Law Schools)  |d vLex Global (U.S. Academic Edition, Law Schools)  |d vLex Global (U.S. Academic Edition, excluding Law Schools)  |d vLex Global (Academic Edition, Law Schools) 
650 0 4 |a Derecho Constitucional  |z Unin̤ Europea 
700 1 |a Vicente, Joana 
740 0 |a vLex Libros (Servicio en ln̕ea) 
856 4 0 |u https://app.vlex.com/#/sources/34536  |z Acceso restringido 
942 |c BOOK 
999 0 |a Constitutional right